| 000 | 00808nam a2200193 a 4500 | ||
|---|---|---|---|
| 008 | 090323s2001 ||||||||||||||||| || u | ||
| 020 | _a0862102715 | ||
| 050 | _aJC 571 Amn | ||
| 100 | _aAmnesty International | ||
| 245 | 1 | 0 | _aCampaigning manual. |
| 260 |
_aLondon: _bAmnesty International Publications _c2001. |
||
| 300 | _avi, 325p.: ill. | ||
| 350 | _a0.00 | ||
| 650 | 0 | _aHUMAN RIGHTS | |
| 650 | _aRIGHTS | ||
| 650 | _aHUMAN RIGHTS--HANDBOOKS, MANUALS, ETC | ||
| 995 |
_aANNEX COLLECTION (Main Library) _D0.00 _e739814 _FCBU-MAIN LIBRARY (Kitwe) _H1 _I0.00 _jJC 571 Amn _M2 _UAVAILABLE _WMay 5, 2009 _y739814 _ZAnnex Low-Usage Collection |
||
| 995 |
_aANNEX COLLECTION (Main Library) _D0.00 _e739813 _FCBU-MAIN LIBRARY (Kitwe) _H1 _I0.00 _jJC 571 Amn _M1 _UAVAILABLE _WMay 5, 2009 _y739813 _ZAnnex Low-Usage Collection |
||
| 999 |
_c78016 _d78016 |
||